000
00301nam a22001337a 4500
008
180925b xxu||||| |||| 00| 0 eng d
020
_a
9780739472507
041
_a
eng
080
_a
821
100
_a
23
101
_a
FJA
245
_a
The Facts Un Fike Dictionary
_c
Ammer/CH
942
_2
udc
_c
BK
999
_c
48449
_d
48449